Memorias de Altagracia / (Record no. 70720)

MARC details
000 -LEADER
campo de control de longitud fija 00546nam a2200193 i 4500
001 - NÚMERO DE CONTROL
campo de control 70720
003 - IDENTIFICADOR DE NÚMERO DE CONTROL
campo de control ES-MaACL
007 - CAMPO FIJO DE DESCRIPCIÓN FÍSICA--INFORMACIÓN GENERAL
campo de control de longitud fija t|
008 - DATOS DE LONGITUD FIJA--INFORMACIÓN GENERAL
campo de control de longitud fija 040802s1979 sp ||||1| spa d
100 1# - ENTRADA PRINCIPAL--NOMBRE DE PERSONA
Nombre de persona Garmendia, Salvador.
9 (RLIN) 55582
245 10 - MENCIÓN DEL TÍTULO
Título Memorias de Altagracia /
Mención de responsabilidad, etc. Salvador Garmendia.
250 ## - MENCION DE EDICION
Mención de edición [1ª ed.].
260 ## - PUBLICACIÓN, DISTRIBUCIÓN, ETC.
Lugar de publicación, distribución, etc. [Barcelona :
Nombre del editor, distribuidor, etc. Seix Barral,
Fecha de publicación, distribución, etc. 1979]
300 ## - DESCRIPCIÓN FÍSICA
Extensión 206 p. ;
Dimensiones 20 cm.
490 1# - MENCIÓN DE SERIE
Mención de serie Nueva narrativa hispánica
830 0# - PUNTO DE ACCESO ADICIONAL DE SERIE-TÍTULO UNIFORME
Título uniforme Nueva narrativa hispánica
9 (RLIN) 180692
852 ## - LOCALIZACIÓN
Ubicación ES-MaACL
Número de control de estantería L-5393
Sublocalización o colección R.105735
Holdings
Estatus retirado Estado de pérdida Estado de daño No para préstamo Biblioteca de origen Biblioteca actual Ubicación en estantería Fecha de adquisición Fuente de adquisición Total de préstamos Signatura topográfica completa Código de barras Visto por última vez Precio de reemplazo Tipo de ítem Koha
        Biblioteca del Ateneo de Madrid Biblioteca del Ateneo de Madrid Depósito 2 17/01/2008     L-5393 1074050 23/02/2023 23/02/2023 Libro impreso